000 00402nam a2200157Ia 4500
008 160316s1928 xxu||||| |||| 00| 0 eng d
082 _a345.025230
_bSMI
100 _aSmith A Duncan
245 _aTrial of Eugine Marie Chantrelle
250 _a2nd
260 _aCalcutta
_bButterworths
_c1928
300 _a240p.
_b
_c
365 _b
650 _a1.Criminal law - Trial - Criminal case
700 _a
_a
999 _c7174
_d7174